000 00829nam a2200205Ii 4500
003 JO-AjNU
008 230605s9999||||xx |||||||||||||| ||und||
020 _a978-9957-880-02-6
040 _aJO-AjNU
_bara
_erda
_cJO-AjNU
041 _aara
050 1 4 _aG155.J6.A38 2013
100 3 _aعويس، غسان برهان,
_eauthor
_951025
245 0 0 _aالدلالة والإرشاد السياحي: علم وفن
264 3 1 _aعمان: دار زهران للنشر والتوزيع، 2013
300 _a271ص
_bيتضمن نماذج من ص 249-271/ ويتضمن قاموس مفردات باللغة الانجليزية من ص 239-248
336 _atext
_btxt
_2rdacontent
337 _aunmediated
_bn
_2rdamedia
338 _avolume
_bnc
_2rdacarrier
650 4 _aالاردن - السياحة - ارشاد سياحي
_951026
999 _aA22513
_c26081
_d26081